MARC details
| 000 -CABECERA |
| campo de control de longitud fija |
02171nam a22003257a 4500 |
| 001 - NÚMERO DE CONTROL |
| campo de control |
BRCA_9192 |
| 003 - IDENTIFICADOR DEL NÚMERO DE CONTROL |
| campo de control |
FranzMayer |
| 005 - FECHA Y HORA DE LA ÚLTIMA TRANSACCIÓN |
| campo de control |
20220809132751.0 |
| 008 - DATOS DE LONGITUD FIJA--INFORMACIÓN GENERAL |
| campo de control de longitud fija |
220706b |||||||| |||| 00| 0 spa d |
| 020 ## - NÚMERO INTERNACIONAL ESTÁNDAR DEL LIBRO |
| Número Internacional Estándar del Libro |
9786079660475 |
| 040 ## - FUENTE DE LA CATALOGACIÓN |
| Lengua de catalogación |
spa |
| Centro/agencia transcriptor |
MFM |
| 041 ## - CÓDIGO DE LENGUA |
| Código de lengua del texto/banda sonora o título independiente |
spa |
| 050 ## - SIGNATURA TOPOGRÁFICA DE LA BIBLIOTECA DEL CONGRESO |
| Número de clasificación |
AM101.M4 |
| Número de documento/Ítem |
H67 2019 |
| 245 00 - MENCIÓN DE TÍTULO |
| Título |
Hospedería : |
| Resto del título |
Santo Tomás de Villanueva y su entorno |
| 260 ## - PUBLICACIÓN, DISTRIBUCIÓN, ETC. |
| Lugar de publicación, distribución, etc. |
Ciudad de México : |
| Nombre del editor, distribuidor, etc. |
Museo Kaluz |
| Fecha de publicación, distribución, etc. |
2019 |
| 300 ## - DESCRIPCIÓN FÍSICA |
| Extensión |
154 p. : |
| Otras características físicas |
il. y fot. ; |
| Dimensiones |
29 x 31 cm. |
| 500 ## - NOTA GENERAL |
| Nota general |
Ubicación: L59-N5 |
| 500 ## - NOTA GENERAL |
| Nota general |
Incluye imágenes de la Colección Museo Franz Mayer (p. 24, 27-29 y 40-41) |
| 505 2# - NOTA DE CONTENIDO CON FORMATO |
| Título |
Presentación / |
| Mención de responsabilidad |
Antonio del Valle Ruiz |
| 505 2# - NOTA DE CONTENIDO CON FORMATO |
| Título |
Tenochtitlan, Cuepopan e Iztacallecan / |
| Mención de responsabilidad |
Enrique Vela |
| 505 2# - NOTA DE CONTENIDO CON FORMATO |
| Título |
La Ciudad Colonial / |
| Mención de responsabilidad |
Elena Horz Balbás |
| 505 2# - NOTA DE CONTENIDO CON FORMATO |
| Título |
Un proyecto sin igual : de Hospedería Agustina a Museo Kaluz / |
| Mención de responsabilidad |
María del Consuelo Maquivar |
| 505 2# - NOTA DE CONTENIDO CON FORMATO |
| Título |
El entorno / |
| Mención de responsabilidad |
María Cristina Montoya Rivero |
| 505 2# - NOTA DE CONTENIDO CON FORMATO |
| Título |
Hospedería de Santo Tomás de Villanueva: su potencial de intervención y restauración / |
| Mención de responsabilidad |
Francisco Pérez de Salazar Verea |
| 505 2# - NOTA DE CONTENIDO CON FORMATO |
| Título |
Estar "Donde está el tronco": los árboles-letras del mural de Vicente Rojo / |
| Mención de responsabilidad |
Cuauhtémoc Medina |
| 505 2# - NOTA DE CONTENIDO CON FORMATO |
| Título |
Anexo 2: El hospicio de Santo Tomás de Villanueva de la provincia de las filipinas / |
| Mención de responsabilidad |
Pablo García Cisneros |
| 520 ## - SUMARIO, ETC. |
| Sumario, etc. |
Con la firme convicción de que un mejor entorno nos ayuda a superar nuestra calidad de vida, el proyecto del Museo Kaluz cumple con el cometido de proteger el patrimonio inmueble nacional y con una función social de primer orden al ofrecer a la ciudad un espacio muy atractivo de acceso a la cultura y al conocimiento. Con este rescate, se abren las puertas de un inmueble cuya ubicación privilegiada dialoga con una historia urbana muy rica, que encuentra su génesis en México-Tenochtitlan y en la ciudad virreinal, memoria que reseñan en esta publicación un selecto grupo de investigadores, cuyos textos nos permiten valorar el edificio y su entorno desde diversos ángulos y en diferentes periodos de la historia. - Antonio del Valle Ruiz |
| 942 ## - ELEMENTOS DE PUNTO DE ACCESO ADICIONAL (KOHA) |
| Fuente del sistema de clasificación o colocación |
Library of Congress Classification |
| Tipo de ítem Koha |
Libros |